00325nam a22001457a 450000500170000002000180001704100120003508200160004710000170006324500490008025000070012926000240013630000080016036500110016820260619083904.0 a9788123433677 aEnglish aT16 R25 SET aSethuraman K aThamizhaga Samudhaya Panpattu Kalai Varalaru a04 aChennaibNCBHc2025 a580 b350.00